| 000 | 00442nam a2200133Ia 4500 | ||
|---|---|---|---|
| 008 | 221007s9999 xx 000 0 und d | ||
| 041 | _aeng | ||
| 082 | _bATH | ||
| 100 |
_aAthale Shruti S - 2k131117; Prof.Arpita Singh - Guide & [Company Name] - Bhart Forge Ltd _9103248 |
||
| 245 | _aTraining Need Analysis & Indification at Bhart Forge LTD | ||
| 260 |
_cSep-14 _bSavitribai Phule Pune University _aPune |
||
| 300 | _a47p | ||
| 906 | _bGeneral | ||
| 999 |
_c73609 _d73609 |
||